000 00669nam a2200217Ia 4500
003 GCL
008 140319s9999 xx 000 0 ara d
020 _a388302977
040 _aGCL /
_cGCL
082 0 4 _aط
_b001.2
_bد ك
100 1 _aعبدالفتاح المنياوى
245 1 0 _aكتابك الاول عن: الزجاج /
_cعبدالفتاح المنياوى
700 1 _aابشتين ، سام
250 _aالخامسة
260 _aالقاهرة :
_bدار المعارف ،
_c1992
300 _a67 ص ؛
_c24 سم
490 _aكتابك الاول عن
_v5
650 0 4 _aالزجاج
650 0 4 _aالزجاج تشكيل
942 _2ddc
_cBK
999 _c9109
_d9109